000 00287nam a22001337a 4500
008 171031b xxu||||| |||| 00| 0 eng d
020 _a9789992701942
041 _aeng
080 _a33
100 _a58
101 _aBUS
245 _aBIZNESI NDERKOMBTAR
_cKRISTO, I
942 _2udc
_cBK
999 _c36687
_d36687